Taylor Swift - Tous les singles de ses albums - Statistiques

Statistiques générales
  • Ce quiz a été pris 170 fois
  • Le résultat moyen est 39 sur 58
Statistiques - réponses
Hint Réponse % Correct
Fearless Love Story
91%
Fearless (Taylor's Version) Love Story
91%
Fearless You Belong with Me
91%
Speak Now Ours
89%
1989 Blank Space
88%
The Tortured Poets Department Fortnight
88%
1989 Shake It Off
88%
Reputation Look What You Made Me Do
86%
Reputation ...Ready for It?
86%
Midnights Anti-Hero
85%
folklore cardigan
85%
Taylor Swift Our Song
85%
Fearless Fearless
84%
evermore willow
84%
Red We Are Never Ever Getting Back Together
83%
Reputation Delicate
81%
Lover Lover
81%
1989 Style
81%
1989 Bad Blood
80%
Lover Me!
80%
The Tortured Poets Department I Can Do It With a Broken Heart
79%
Midnights Karma
79%
Red Red
79%
Red 22
78%
folklore august
78%
Red I Knew You Were Trouble
78%
Taylor Swift Tim McGraw
78%
Lover You Need to Calm Down
78%
Midnights Lavender Haze
77%
1989 Wildest Dreams
77%
Lover Cruel Summer
76%
Speak Now Mine
75%
Taylor Swift Picture to Burn
74%
folklore betty
71%
1989 Out of the Woods
71%
Lover The Man
70%
Taylor Swift Teardrops on My Guitar
69%
Speak Now (Taylor's Version) I Can See You
68%
Reputation End Game
66%
1989 (Taylor's Version) Is It Over Now?
64%
Speak Now Mean
61%
1989 (Taylor's Version) "Slut!"
60%
Speak Now Back to December
58%
Speak Now Sparks Fly
57%
Fearless Fifteen
55%
Fearless White Horse
54%
1989 New Romantics
53%
Taylor Swift Should've Said No
48%
Red (Taylor's Version) I Bet You Think About Me
46%
Fearless (Taylor's Version) Mr. Perfectly Fine
42%
Speak Now The Story of Us
40%
evermore no body, no crime
36%
Red Begin Again
34%
Red Everything Has Changed
26%
Red (Taylor's Version) Message in a Bottle
26%
Red The Last Time
23%
evermore coney island
20%
Fearless (Taylor's Version) You All Over Me
14%
Aucun quiz correspondant
Distribution des résultats
% des personnes avec chaque résultat
Percentile par nombre de réponses
Votre historique - résultats
Vous n’avez pas pris ce quiz